000 00561cam a2200217 4500
008 090401t1993 xxu||||| |||| 00| 0 eng d
020 _a0113306067
035 _a(Sirsi) u41036
041 _aeng
050 _a333.70285
100 _aGunston, Mike
245 _aGeographic information systems: a buyer`s guide.
260 _aLondon
_bHMSO
_c1993
300 _aiv,90p. : ill ; 25cm.
350 _a25
650 _aGIS
690 _aMANAGEMENT-BUSINESS MANAGEMENT-INFORMATION MANAGEMENT
710 _aCCTA
_91635
942 _n0
948 _c04/03/1997
999 _c90900
_d90900